000 00615nam a2200169Ia 4500
008 090201s9999 xx 000 0 und d
010 _aKPL-20362
040 _bमराठी
041 _aमराठी
082 _a22834
_b20362
100 _aके. वि. बेलसरे
245 _aसार्थ श्रीमत् दासबोध
_cके. वि. बेलसरे
260 _c2004
_bश्री समर्थसेवा मंडळ सज्जनगड
300 _a431
_bलहान
600 _aसार्थ श्रीमत् दासबोध
942 _cBOOK
999 _c222348
_d222348